000 01277nam a2200337Ia 4500
005 20220317001430.0
007 ta
008 210810r20092019ck a br 000 pdspa d
020 _a9789588296227
040 _aCO-BoRNBP
_bspa
_erda
_cCO-BoRNBP
084 _aP CHE2
100 1 _aChericián Fernández, David
_d1940-2002
_eautor
245 1 0 _aTrabamáslenguas
_cDavid Chericián ; ilustraciones Sandra Lavandeira
250 _aPrimera edición, Segunda edición
264 1 _aBogotá
_bCangrejo Editores
_c2009
_c2019
300 _a39 páginas
_bilustraciones
_c24 cm
336 _atexto
_btxt
_2rdacontent
337 _asin mediación
_bn
_2rdamedia
338 _avolumen
_bnc
_2rdacarrier
490 0 _aColección Infantil Aldebarán
521 _aRecomendado para un público infantil mayor de 6 años
545 _aIncluye datos biográficos del autor y de la ilustradora al final del texto
650 1 7 _aPoesía infantil cubana
_ySiglo XX
_2LEMB
650 1 7 _aLiteratura infantil cubana
_ySiglo XX
_2LEMB
650 1 7 _aAutores cubanos
_ySiglo XX
_2LEMB
650 1 7 _aJuego de palabras
_vPoesía
_2LEMB
650 1 7 _aTrabalenguas
_vPoesía
_2LEMB
650 1 7 _aAnimales
_vPoesía
_2LEMB
700 1 _aLavandeira, Sandra
_d1965-
_eilustradora
_9180243
942 _2loc
_cBKLIT
999 _c6963
_d6963